[Event "Staraya Mayna Sidorov Cup"]
[Site "Staraya Mayna"]
[Date "2018.07.12"]
[Round "4"]
[White "Yakimkin, Igor"]
[Black "Gogolev, Artem"]
[Result "1/2-1/2"]
[WhiteElo "2216"]
[BlackElo "2407"]
[PlyCount "74"]
[EventDate "2018.07.10"]
[EventType "swiss"]
[EventRounds "9"]
[EventCountry "RUS"]
[SourceTitle "EXT 2019"]
[Source "ChessBase"]
[SourceDate "2018.10.10"]
[SourceVersion "1"]
[SourceVersionDate "2018.10.10"]
[SourceQuality "1"]

1. e4 d5 2. exd5 Qxd5 3. Nc3 Qe5+ 4. Be2 c6 5. d4 Qc7 6. d5 Nf6 7. dxc6 bxc6 8. Bf3 e6 9. Nge2 Bb7 10. Bf4 e5 11. Bg5 Nbd7 12. 0-0 h6 13. Bxf6 Nxf6 14. Ng3 Bc5 15. Qe2 0-0 16. Rfe1 Rfe8 17. Nce4 Nxe4 18. Bxe4 Bb6 19. c3 Rad8 20. Nh5 Qe7 21. Qg4 Qg5 22. Qxg5 hxg5 23. Rad1 Rxd1 24. Rxd1 Rd8 25. Rxd8+ Bxd8 26. g4 Kf8 27. b4 g6 28. Ng3 Ke7 29. Kf1 Kd6 30. Ke1 Bc8 31. h3 Be6 32. a3 c5 33. Kd2 cxb4 34. axb4 a5 35. bxa5 Bxa5 36. Kd3 Kc5 37. Kc2 Bd8 1/2-1/2

[Event "Uljanovsk Sidorov Memorial"]
[Site "Uljanovsk"]
[Date "2015.07.10"]
[Round "6"]
[White "Yakimkin, Igor"]
[Black "Beldyugin, Alexey"]
[Result "1-0"]
[WhiteElo "2209"]
[BlackElo "2107"]
[PlyCount "59"]
[EventDate "2015.07.07"]
[EventType "swiss"]
[EventRounds "9"]
[EventCountry "RUS"]
[SourceTitle "EXT 2016"]
[Source "ChessBase"]
[SourceDate "2015.10.08"]
[SourceVersion "1"]
[SourceVersionDate "2015.10.08"]
[SourceQuality "1"]

1. e4 e6 2. d4 d5 3. Nc3 Nf6 4. Bg5 dxe4 5. Nxe4 Be7 6. Bxf6 Bxf6 7. Nf3 0-0 8. c3 b6 9. Bd3 Bb7 10. Qc2 Nd7 11. 0-0-0 g6 12. h4 Qe7 13. h5 Rfe8 14. Kb1 Rad8 15. Rh3 e5 16. hxg6 hxg6 17. Rdh1 exd4 18. Nxf6+ Qxf6 19. cxd4 c5 20. Rh6 Re6 21. Qc3 Bxf3 22. gxf3 cxd4 23. Qc7 Ree8 24. Qh2 Qxf3 25. Bxg6 Ne5 26. Rh8+ Kg7 27. Qh6+ Kf6 28. Bxf7+ Kf5 29. Rh5+ Ke4 30. Qh7+ 1-0

[Event "Uljanovsk Sidorov Memorial"]
[Site "Uljanovsk"]
[Date "2015.07.08"]
[Round "2"]
[White "Yakimkin, Igor"]
[Black "Gabunov, Fail"]
[Result "1-0"]
[WhiteElo "2209"]
[BlackElo "1728"]
[PlyCount "115"]
[EventDate "2015.07.07"]
[EventType "swiss"]
[EventRounds "9"]
[EventCountry "RUS"]
[SourceTitle "EXT 2016"]
[Source "ChessBase"]
[SourceDate "2015.10.08"]
[SourceVersion "1"]
[SourceVersionDate "2015.10.08"]
[SourceQuality "1"]

1. e4 c6 2. d4 d5 3. e5 Bf5 4. Nf3 e6 5. Be2 c5 6. c3 Nc6 7. 0-0 Qb6 8. dxc5 Bxc5 9. b4 Bf8 10. Qa4 Nge7 11. Be3 Qc7 12. Nbd2 Ng6 13. b5 Qa5 14. Qxa5 Nxa5 15. Nb3 Nc4 16. Bd4 Nf4 17. Rfe1 Nxe2+ 18. Rxe2 Bd3 19. Ree1 Ba3 20. Nc5 Bxc5 21. Bxc5 b6 22. Bb4 Nb2 23. a4 Be4 24. Nd2 Bg6 25. Re3 Kd7 26. Nf3 Nc4 27. Ree1 h6 28. Nd4 a5 29. Ba3 Rac8 30. Bc1 Rhe8 31. Nc6 f6 32. Bf4 f5 33. Rad1 Kc7 34. h4 Bh5 35. Rd3 Rf8 36. Rg3 Rf7 37. Rd3 Rg8 38. Rxd5 g5 39. hxg5 hxg5 40. Bh2 f4 41. Rd4 Na3 42. Rd6 Bg4 43. Nd4 Re7 44. Ra1 Nc2 45. Nxc2 Rh8 46. f3 Bf5 47. Nd4 Reh7 48. Nxe6+ Bxe6 49. Rxe6 Rxh2 50. Kf2 Rd8 51. Rc6+ Kb7 52. Rd6 Rc8 53. Rd3 Rc4 54. e6 Rh7 55. Rad1 Re7 56. Rd7+ Rc7 57. R1d6 Rcxd7 58. exd7 1-0

[Event "Eretria op 1st"]
[Site "Eretria"]
[Date "2014.09.01"]
[Round "8"]
[White "Yakimkin, Igor"]
[Black "Korniotis, Filippos"]
[Result "1-0"]
[WhiteElo "2225"]
[BlackElo "2045"]
[PlyCount "65"]
[EventDate "2014.08.26"]
[EventType "swiss"]
[EventRounds "9"]
[EventCountry "GRE"]
[SourceTitle "CBM 162 Extra"]
[Source "ChessBase"]
[SourceDate "2014.10.17"]
[SourceVersion "1"]
[SourceVersionDate "2014.10.17"]
[SourceQuality "1"]

1. e4 e6 2. d4 d5 3. Nc3 Bb4 4. e5 c5 5. a3 Bxc3+ 6. bxc3 Ne7 7. Qg4 cxd4 8. cxd4 Qc7 9. Bd2 Qxc2 10. Qxg7 Rg8 11. Qf6 Nbc6 12. Nf3 Rg4 13. Bb5 Qb2 14. Bxc6+ Nxc6 15. 0-0 Nxd4 16. Nxd4 Qxd2 17. Nb5 Qf4 18. Nc7+ Kd7 19. Qxf4 Rxf4 20. Nxa8 b5 21. Rfc1 Rc4 22. Rxc4 bxc4 23. Rb1 c3 24. Rb3 d4 25. Rb4 Ba6 26. Rxd4+ Kc6 27. Rd1 c2 28. Rc1 Bd3 29. f4 Kc5 30. Kf2 Kc4 31. Ke3 Kc3 32. a4 Kb2 33. Kd2 1-0

[Event "Eretria op 1st"]
[Site "Eretria"]
[Date "2014.08.30"]
[Round "6"]
[White "Nikolaidis, Konstantinos"]
[Black "Yakimkin, Igor"]
[Result "1-0"]
[WhiteElo "2155"]
[BlackElo "2225"]
[PlyCount "115"]
[EventDate "2014.08.26"]
[EventType "swiss"]
[EventRounds "9"]
[EventCountry "GRE"]
[SourceTitle "CBM 162 Extra"]
[Source "ChessBase"]
[SourceDate "2014.10.17"]
[SourceVersion "1"]
[SourceVersionDate "2014.10.17"]
[SourceQuality "1"]

1. d4 Nf6 2. c4 g6 3. Nc3 Bg7 4. e4 d6 5. f3 0-0 6. Be3 Nc6 7. Qd2 a6 8. Nge2 Rb8 9. Rc1 Bd7 10. Nd1 Re8 11. Nf2 e5 12. d5 Ne7 13. g3 Kh8 14. Bg2 Nfg8 15. 0-0 f5 16. b4 Rf8 17. c5 Bb5 18. Rfe1 Bxe2 19. Rxe2 h6 20. Rc4 g5 21. Qc3 f4 22. Bc1 fxg3 23. hxg3 c6 24. Rd2 cxd5 25. exd5 b5 26. Re4 Nf6 27. Qb3 Nxe4 28. fxe4 a5 29. a3 axb4 30. axb4 h5 31. Ra2 Nc8 32. Nd1 Bf6 33. Ne3 Rb7 34. Nf5 Qc7 35. Be3 Bd8 36. Ra6 Ra7 37. Rc6 Ra1+ 38. Kh2 Qd7 39. Qb2 Ra4 40. cxd6 Bf6 41. Rc7 Qd8 42. Bc5 g4 43. Bf1 Ra6 44. Bxb5 Rxd6 45. Rxc8 Qxc8 46. Bxd6 Rf7 47. Qd2 Rh7 48. Bc5 Qd8 49. Qf2 Bg5 50. Kg2 Qf6 51. d6 Qe6 52. d7 Rf7 53. Qd2 Qf6 54. Qd5 h4 55. d8Q+ Qxd8 56. Qxf7 h3+ 57. Kf2 Qd2+ 58. Be2 1-0

[Event "Eretria op 1st"]
[Site "Eretria"]
[Date "2014.08.29"]
[Round "4"]
[White "Yakimkin, Igor"]
[Black "Sideris, Nikiforos"]
[Result "1-0"]
[WhiteElo "2225"]
[BlackElo "2022"]
[PlyCount "87"]
[EventDate "2014.08.26"]
[EventType "swiss"]
[EventRounds "9"]
[EventCountry "GRE"]
[SourceTitle "CBM 162 Extra"]
[Source "ChessBase"]
[SourceDate "2014.10.17"]
[SourceVersion "1"]
[SourceVersionDate "2014.10.17"]
[SourceQuality "1"]

1. e4 c5 2. Nf3 d6 3. d4 cxd4 4. Nxd4 Nf6 5. Nc3 a6 6. Be3 e5 7. Nb3 Be6 8. f3 Be7 9. Qd2 0-0 10. 0-0-0 b5 11. g4 Nbd7 12. g5 b4 13. Ne2 Ne8 14. h4 a5 15. Kb1 Nb6 16. Ng3 d5 17. Bxb6 Qxb6 18. exd5 Rd8 19. Bc4 Nc7 20. Qe2 Nxd5 21. Bxd5 Rxd5 22. Rxd5 Bxd5 23. Qxe5 Bxb3 24. Nf5 Bxc2+ 25. Kxc2 Qc5+ 26. Qxc5 Bxc5 27. Rd1 f6 28. Rd5 Rc8 29. Kb3 fxg5 30. hxg5 Kf7 31. f4 Kg6 32. Ka4 Rf8 33. Nxg7 Kxg7 34. Rxc5 Rxf4 35. Rxa5 Kg6 36. Rb5 Rg4 37. Kb3 Rg2 38. Rxb4 Rxg5 39. a4 h5 40. Rc4 Rg3+ 41. Ka2 Kg5 42. a5 h4 43. a6 Re3 44. b4 1-0

[Event "Dimitrovgrad-ch"]
[Site "Dimitrovgrad"]
[Date "2013.03.03"]
[Round "9"]
[White "Lazutin, Valerij"]
[Black "Yakimkin, Igor"]
[Result "0-1"]
[WhiteElo "1981"]
[BlackElo "2247"]
[PlyCount "60"]
[EventDate "2013.02.16"]
[EventType "swiss"]
[EventRounds "9"]
[EventCountry "RUS"]
[SourceTitle "CBM 153 Extra"]
[Source "ChessBase"]
[SourceDate "2013.04.22"]
[SourceVersion "1"]
[SourceVersionDate "2013.04.22"]
[SourceQuality "1"]

1. c4 e5 2. Nc3 Nf6 3. d3 Bb4 4. Bd2 0-0 5. a3 Bxc3 6. Bxc3 Re8 7. e4 c6 8. Nf3 d6 9. Be2 Nbd7 10. 0-0 Nf8 11. Nd2 d5 12. b4 Ng6 13. exd5 cxd5 14. Bf3 Bf5 15. d4 Bd3 16. Re1 e4 17. Be2 dxc4 18. b5 Nf4 19. Bxd3 cxd3 20. Nf1 Rc8 21. Bd2 Ne2+ 22. Kh1 Qxd4 23. Be3 Qe5 24. Bxa7 Rc2 25. Qb1 Rb2 26. Qd1 Rxb5 27. a4 Rb2 28. Ne3 b6 29. Nc4 Ng4 30. Nxe5 Nxf2# 0-1

[Event "Dimitrovgrad-ch"]
[Site "Dimitrovgrad"]
[Date "2013.02.23"]
[Round "4"]
[White "Yakimkin, Igor"]
[Black "Ulanov, Alexandr"]
[Result "0-1"]
[WhiteElo "2247"]
[BlackElo "2390"]
[PlyCount "76"]
[EventDate "2013.02.16"]
[EventType "swiss"]
[EventRounds "9"]
[EventCountry "RUS"]
[SourceTitle "CBM 153 Extra"]
[Source "ChessBase"]
[SourceDate "2013.04.22"]
[SourceVersion "1"]
[SourceVersionDate "2013.04.22"]
[SourceQuality "1"]

1. e4 c6 2. d4 d5 3. Nc3 b5 4. exd5 b4 5. Nce2 cxd5 6. Nf3 e6 7. Ng3 Nf6 8. Bd3 Nc6 9. 0-0 g6 10. Bf4 Bg7 11. Qd2 Qb6 12. Bh6 0-0 13. Bxg7 Kxg7 14. c3 bxc3 15. bxc3 Ba6 16. Ne5 Bxd3 17. Qxd3 Nxe5 18. dxe5 Nd7 19. Rfe1 Rac8 20. Rac1 Rc4 21. Nf1 Qc7 22. Nd2 Rc6 23. Qd4 Rc8 24. Re3 Qb6 25. Qf4 Qb2 26. Ree1 Rxc3 27. Rb1 Qc2 28. Nf3 Qf5 29. Qxf5 gxf5 30. h3 Ra3 31. Rec1 Rc5 32. Rxc5 Nxc5 33. Rb2 Nd3 34. Rc2 h6 35. Kh2 Nb4 36. Rc7 Rxa2 37. Nd4 Kg6 38. f4 Nd3 0-1

[Event "Dimitrovgrad-ch"]
[Site "Dimitrovgrad"]
[Date "2012.02.20"]
[Round "2"]
[White "Yakimkin, Igor"]
[Black "Akimov, Gennadiy"]
[Result "1-0"]
[WhiteElo "2208"]
[BlackElo "1943"]
[PlyCount "98"]
[EventDate "2012.02.19"]
[EventType "swiss"]
[EventRounds "9"]
[EventCountry "RUS"]
[SourceTitle "CBM 147 Extra"]
[Source "ChessBase"]
[SourceDate "2012.04.24"]
[SourceVersion "1"]
[SourceVersionDate "2012.04.24"]
[SourceQuality "1"]

1. e4 e5 2. Nf3 Nc6 3. Bb5 a6 4. Ba4 Nf6 5. 0-0 d6 6. Re1 Bg4 7. c3 b5 8. Bc2 Be7 9. d3 0-0 10. h3 Bh5 11. Nbd2 h6 12. Nf1 d5 13. Qe2 d4 14. Ng3 Bg6 15. Nh4 dxc3 16. bxc3 b4 17. Bb2 bxc3 18. Bxc3 Bc5 19. Bb3 Kh7 20. Rac1 Ba3 21. Rc2 Re8 22. Ba4 Re6 23. Nxg6 fxg6 24. Bxc6 Rxc6 25. Bxe5 Rxc2 26. Qxc2 Bd6 27. Bxd6 cxd6 28. d4 h5 29. e5 Qa5 30. Qe2 dxe5 31. dxe5 Re8 32. f4 h4 33. Nf1 Nh5 34. f5 Qb6+ 35. Kh2 Nf4 36. Qf3 g5 37. Re4 Qb8 38. Qe3 Qb2 39. Qd2 Qb1 40. Qe1 Qxa2 41. Ne3 Qb2 42. e6 Qb7 43. Ng4 Qc7 44. Kh1 Qc2 45. Rxf4 gxf4 46. Qxh4+ Kg8 47. Qh5 Re7 48. Qg5 f3 49. gxf3 Rb7 1-0

[Event "Dimitrovgrad-ch"]
[Site "Dimitrovgrad"]
[Date "2012.02.19"]
[Round "1"]
[White "Yakimkin, Igor"]
[Black "Abbasov, Orudj"]
[Result "0-1"]
[WhiteElo "2208"]
[BlackElo "1703"]
[PlyCount "96"]
[EventDate "2012.02.19"]
[EventType "swiss"]
[EventRounds "9"]
[EventCountry "RUS"]
[SourceTitle "CBM 147 Extra"]
[Source "ChessBase"]
[SourceDate "2012.04.24"]
[SourceVersion "1"]
[SourceVersionDate "2012.04.24"]
[SourceQuality "1"]

1. d4 Nf6 2. Nf3 g6 3. c4 Bg7 4. Nc3 0-0 5. e3 d6 6. Bd3 Nbd7 7. Bd2 e5 8. Qc2 Re8 9. 0-0-0 Qe7 10. dxe5 dxe5 11. Be2 c6 12. h3 Nc5 13. g4 a5 14. g5 Nfd7 15. h4 a4 16. h5 e4 17. Nd4 a3 18. b3 Na6 19. Na4 Qxg5 20. Rdg1 Qf6 21. hxg6 hxg6 22. Bc3 Qxf2 23. Qd2 Nf8 24. Rf1 Qg3 25. Nb6 Rb8 26. Nxc8 Rbxc8 27. Nf5 gxf5 28. Rfg1 Qxg1+ 29. Rxg1 Ng6 30. Bxg7 Kxg7 31. Qd4+ Kg8 32. Bh5 Re6 33. Bxg6 Rxg6 34. Rxg6+ fxg6 35. Qd7 Rc7 36. Qd6 Kf7 37. b4 Re7 38. b5 cxb5 39. cxb5 Nc7 40. b6 Ne6 41. Qxa3 g5 42. Qc3 Ng7 43. a4 f4 44. a5 f3 45. Kd1 Nf5 46. a6 bxa6 47. Qc7 Rxc7 48. bxc7 Nxe3+ 0-1

[Event "Dimitrovgrad Petrosian Memorial op"]
[Site "Dimitrovgrad"]
[Date "2011.07.03"]
[Round "8"]
[White "Yakimkin, Igor"]
[Black "Elkin, Alexander"]
[Result "1-0"]
[WhiteElo "2202"]
[BlackElo "2162"]
[PlyCount "71"]
[EventDate "2011.06.18"]
[EventType "swiss"]
[EventRounds "9"]
[EventCountry "RUS"]
[SourceTitle "EXT 2012"]
[Source "ChessBase"]
[SourceDate "2011.11.24"]
[SourceVersion "1"]
[SourceVersionDate "2011.11.24"]
[SourceQuality "1"]

1. e4 g6 2. d4 d6 3. Nc3 Bg7 4. Be3 c6 5. Qd2 b5 6. a3 a6 7. f3 Bb7 8. 0-0-0 Nd7 9. g4 Qc7 10. h4 h5 11. g5 d5 12. exd5 cxd5 13. Bf4 Qa5 14. Kb1 e6 15. Nh3 Bf8 16. Qe1 Rc8 17. Bd3 Qb6 18. Be5 Nxe5 19. Qxe5 Rh7 20. Nf4 Rxc3 21. bxc3 Bd6 22. Qe3 Ne7 23. Nxe6 fxe6 24. Qxe6 Kd8 25. Bxg6 Nxg6 26. Qxg6 Rd7 27. Qf6+ Kc7 28. g6 Bxa3 29. Qxb6+ Kxb6 30. f4 b4 31. Rdg1 Rd8 32. f5 Bc8 33. f6 Be6 34. Re1 Bf7 35. Re7 Bxg6 36. Rg1 1-0

[Event "Dimitrovgrad-ch op"]
[Site "Dimitrovgrad"]
[Date "2010.03.14"]
[Round "8"]
[White "Akimov, Gennadiy"]
[Black "Yakimkin, Igor"]
[Result "0-1"]
[WhiteElo "1994"]
[BlackElo "2184"]
[PlyCount "93"]
[EventDate "2010.02.27"]
[EventType "swiss"]
[EventRounds "9"]
[EventCountry "RUS"]
[SourceTitle "EXT 2022"]
[Source "ChessBase"]
[SourceDate "2021.10.06"]
[SourceVersion "1"]
[SourceVersionDate "2021.10.06"]
[SourceQuality "1"]

1. b3 e5 2. Bb2 d6 3. e4 f5 4. Nc3 Nf6 5. d3 Nc6 6. Be2 Be7 7. Bh5+ g6 8. Be2 0-0 9. Qd2 Be6 10. h4 f4 11. Nf3 h6 12. d4 Bf7 13. 0-0-0 Qc8 14. Rdg1 Ng4 15. Bd1 exd4 16. Nxd4 Nxd4 17. Qxd4 Bf6 18. Qd2 Be5 19. Bxg4 Qxg4 20. f3 Qe6 21. Nd5 c6 22. Nc3 Qf6 23. Kb1 b5 24. Nd1 a5 25. Bxe5 Qxe5 26. g3 fxg3 27. Rh3 a4 28. Rhxg3 Kh7 29. f4 Qxe4 30. h5 Rg8 31. Qxd6 axb3 32. axb3 Ra7 33. Nc3 Qf5 34. Qd4 Rd7 35. Qe4 Qxh5 36. Qxc6 Be8 37. Qe6 Rf7 38. Nxb5 Rfg7 39. Nd6 Bd7 40. Qe3 Bf5 41. Qe1 Rc7 42. R3g2 Rxc2 43. Rxc2 Bxc2+ 44. Kxc2 Qh2+ 45. Kc3 Qxf4 46. Nc4 Rg7 47. Rf1 0-1

[Event "Dimitrovgrad-ch op"]
[Site "Dimitrovgrad"]
[Date "2010.03.13"]
[Round "7"]
[White "Rusakov, Vladimir"]
[Black "Yakimkin, Igor"]
[Result "1/2-1/2"]
[WhiteElo "2019"]
[BlackElo "2184"]
[PlyCount "106"]
[EventDate "2010.02.27"]
[EventType "swiss"]
[EventRounds "9"]
[EventCountry "RUS"]
[SourceTitle "EXT 2022"]
[Source "ChessBase"]
[SourceDate "2021.10.06"]
[SourceVersion "1"]
[SourceVersionDate "2021.10.06"]
[SourceQuality "1"]

1. e4 c5 2. Nf3 Nc6 3. Bb5 g6 4. 0-0 Bg7 5. Re1 e5 6. b4 cxb4 7. a3 b3 8. cxb3 Nge7 9. Bb2 0-0 10. Nc3 d6 11. h3 h6 12. Bc4 Kh7 13. d4 exd4 14. Nb5 Ne5 15. Bxd4 Be6 16. Nxe5 dxe5 17. Bxa7 Bxc4 18. bxc4 Qa5 19. Bc5 Rfd8 20. Qf3 Nc6 21. Qxf7 b6 22. Bd6 Qd2 23. Rad1 Qc2 24. Qd5 Rac8 25. Qd3 Qxd3 26. Rxd3 Na5 27. Rd5 Nxc4 28. Bb4 Nb2 29. Re2 Nd3 30. Rxd8 Rxd8 31. Rd2 Bf6 32. Bd6 Nc5 33. Re2 Ne6 34. Rc2 Kg8 35. Rc6 Nd4 36. Nxd4 exd4 37. e5 d3 38. Rc1 g5 39. Rd1 Kf7 40. Bc7 Rd7 41. exf6 Rxc7 42. Rxd3 Kxf6 43. Rd6+ Kf5 44. Rxb6 h5 45. Rb5+ Kg6 46. g3 Rc3 47. a4 Ra3 48. a5 Kf6 49. Kg2 Kg6 50. g4 hxg4 51. hxg4 Ra4 52. Kg3 Ra3+ 53. f3 Ra2 1/2-1/2

[Event "Dimitrovgrad-ch op"]
[Site "Dimitrovgrad"]
[Date "2010.03.07"]
[Round "5"]
[White "Yakimkin, Igor"]
[Black "Kuzin, Nikolay"]
[Result "1-0"]
[WhiteElo "2184"]
[BlackElo "2032"]
[PlyCount "130"]
[EventDate "2010.02.27"]
[EventType "swiss"]
[EventRounds "9"]
[EventCountry "RUS"]
[SourceTitle "EXT 2022"]
[Source "ChessBase"]
[SourceDate "2021.10.06"]
[SourceVersion "1"]
[SourceVersionDate "2021.10.06"]
[SourceQuality "1"]

1. e4 e6 2. d4 d5 3. Nc3 Nf6 4. Bg5 dxe4 5. Nxe4 Nbd7 6. Nxf6+ Nxf6 7. Nf3 h6 8. Bh4 Be7 9. Bd3 c6 10. c3 Bd7 11. Qc2 c5 12. dxc5 Bxc5 13. 0-0-0 Qc7 14. Bg3 Bd6 15. Bxd6 Qxd6 16. Kb1 Qf4 17. Qe2 Bc6 18. Ne5 Be4 19. Bxe4 Qxe4+ 20. Qxe4 Nxe4 21. Rd4 Nf6 22. Rhd1 Ke7 23. Kc2 Rac8 24. a4 Rc7 25. R1d3 Rhc8 26. Kb3 Rc5 27. Nd7 R5c7 28. Nxf6 Kxf6 29. Rd7 Kg6 30. Rg3+ Kh7 31. Rgd3 e5 32. Kb4 f5 33. R3d5 Rxd7 34. Rxd7 Rb8 35. Kc5 e4 36. Kd4 Kg6 37. Ke5 Re8+ 38. Kf4 Kf6 39. Rxb7 g5+ 40. Ke3 f4+ 41. Ke2 a5 42. Rb5 e3 43. fxe3 Rxe3+ 44. Kd2 Re6 45. Rxa5 g4 46. Rd5 f3 47. gxf3 gxf3 48. Rd3 Re2+ 49. Kd1 Rxb2 50. Rxf3+ Ke5 51. Rh3 Ra2 52. Rh4 Kf5 53. Rxh6 Ke4 54. Rh3 Kf4 55. Kc1 Kg4 56. Rd3 Rxh2 57. Rd2 Rh8 58. Kb2 Rb8+ 59. Ka3 Kf3 60. Rd7 Ke3 61. a5 Ke4 62. Ka4 Rb1 63. a6 Ke5 64. Ka5 Ke6 65. Rd4 Ra1+ 1-0

[Event "Dimitrovgrad-ch op"]
[Site "Dimitrovgrad"]
[Date "2010.03.07"]
[Round "6"]
[White "Yakimkin, Igor"]
[Black "Ulanov, Sergei"]
[Result "0-1"]
[WhiteElo "2184"]
[BlackElo "2110"]
[PlyCount "92"]
[EventDate "2010.02.27"]
[EventType "swiss"]
[EventRounds "9"]
[EventCountry "RUS"]
[SourceTitle "EXT 2022"]
[Source "ChessBase"]
[SourceDate "2021.10.06"]
[SourceVersion "1"]
[SourceVersionDate "2021.10.06"]
[SourceQuality "1"]

1. e4 c6 2. d4 d5 3. e5 Bf5 4. Nf3 e6 5. Be2 Qb6 6. 0-0 c5 7. dxc5 Bxc5 8. Nc3 Nd7 9. Na4 Qc7 10. Nxc5 Qxc5 11. c3 Qc7 12. Qa4 Ne7 13. Nd4 Qxe5 14. Bb5 Qc7 15. Bf4 Qd8 16. Be5 a6 17. Bxg7 Rg8 18. Bxd7+ Qxd7 19. Qxd7+ Kxd7 20. Nxf5 Nxf5 21. Be5 Rg6 22. Kh1 f6 23. Bf4 e5 24. Be3 Rag8 25. g3 h5 26. Rad1 Ke6 27. Bc1 h4 28. Rde1 b5 29. Rg1 hxg3 30. fxg3 Nd6 31. Kg2 Rg4 32. Kf3 Ra4 33. a3 Rag4 34. Be3 Nc4 35. Bc1 e4+ 36. Kg2 Ne5 37. Rgf1 Nd3 38. Re2 f5 39. Kh1 Rh8 40. Rg1 Nxc1 41. Rxc1 Rxg3 42. Rd1 Rg5 43. Rf2 Rh4 44. a4 f4 45. axb5 axb5 46. b3 e3 0-1

[Event "Dimitrovgrad Petrosian Memorial op"]
[Site "Dimitrovgrad"]
[Date "2009.06.27"]
[Round "9"]
[White "Yakimkin, Igor"]
[Black "Predke, Alexandr"]
[Result "0-1"]
[WhiteElo "2172"]
[BlackElo "2353"]
[PlyCount "62"]
[EventDate "2009.06.17"]
[EventType "swiss"]
[EventRounds "9"]
[EventCountry "RUS"]
[SourceTitle "CBM 131 Extra"]
[Source "ChessBase"]
[SourceDate "2009.09.03"]
[SourceVersion "2"]
[SourceVersionDate "2009.09.16"]
[SourceQuality "1"]

1. e4 e5 2. Nf3 Nc6 3. Bb5 a6 4. Ba4 Nf6 5. 0-0 Be7 6. Re1 b5 7. Bb3 d6 8. c3 0-0 9. h3 Na5 10. Bc2 d5 11. exd5 e4 12. Ng5 Nxd5 13. Nxe4 f5 14. Ng3 f4 15. Ne4 f3 16. d4 fxg2 17. Qd3 Bf5 18. a4 Bh4 19. Re2 b4 20. c4 Nf6 21. Nbd2 Qd7 22. f3 Nh5 23. Nb3 Nxb3 24. Qxb3 Bxe4 25. Bxe4 Qxh3 26. Rxg2 Ng3 27. Bxh7+ Kh8 28. Bg5 Qh1+ 29. Kf2 Ne4+ 30. Ke3 Qxg2 31. Bf4 Qd2+ 0-1

[Event "RUS-ch U18"]
[Site "Dagomys"]
[Date "2009.04.22"]
[Round "8"]
[White "Yakimkin, Igor"]
[Black "Shcherbin, Matvei"]
[Result "0-1"]
[WhiteElo "2172"]
[BlackElo "2271"]
[PlyCount "96"]
[EventDate "2009.04.15"]
[EventType "swiss"]
[EventRounds "9"]
[EventCountry "RUS"]
[SourceTitle "CBM 130 Extra"]
[Source "ChessBase"]
[SourceDate "2009.07.02"]
[SourceVersion "2"]
[SourceVersionDate "2009.07.15"]
[SourceQuality "1"]

1. e4 c5 2. Nf3 d6 3. d4 Nf6 4. Nc3 cxd4 5. Nxd4 Nc6 6. f3 e6 7. Be3 a6 8. Qd2 Qc7 9. a4 Be7 10. Be2 Bd7 11. 0-0 0-0 12. g4 g6 13. Nb3 Ne5 14. Rad1 Nc4 15. Bxc4 Qxc4 16. a5 Rac8 17. Qf2 e5 18. Bh6 Rfe8 19. Kh1 Be6 20. Qe3 Qb4 21. Na2 Qc4 22. Nc3 Qc7 23. Bg5 Red8 24. Ra1 d5 25. exd5 Nxd5 26. Nxd5 Bxd5 27. Bxe7 Qxe7 28. Rac1 Qe6 29. h3 f5 30. Nc5 Qe7 31. Nd3 fxg4 32. Qxe5 Bxf3+ 33. Kg1 Qd7 34. Qg3 Qd4+ 35. Kh2 Rd5 36. hxg4 Bxg4 37. Nf4 Rg5 38. Qb3+ Kh8 39. Qxb7 Qd2+ 40. Qg2 Qxa5 41. Rce1 Bd1 42. Qb7 Rxc2+ 43. Re2 Rh5+ 44. Kg1 Qc5+ 45. Ref2 Rg5+ 46. Kh1 Rxf2 47. Qb8+ Kg7 48. Ne6+ Kh6 0-1

[Event "RUS-ch U18"]
[Site "Dagomys"]
[Date "2009.04.21"]
[Round "7"]
[White "Yakimkin, Igor"]
[Black "Goganov, Aleksey"]
[Result "1/2-1/2"]
[WhiteElo "2172"]
[BlackElo "2462"]
[PlyCount "35"]
[EventDate "2009.04.15"]
[EventType "swiss"]
[EventRounds "9"]
[EventCountry "RUS"]
[SourceTitle "CBM 130 Extra"]
[Source "ChessBase"]
[SourceDate "2009.07.02"]
[SourceVersion "2"]
[SourceVersionDate "2009.07.15"]
[SourceQuality "1"]

1. e4 e6 2. d4 d5 3. Nc3 Bb4 4. e5 c5 5. a3 Bxc3+ 6. bxc3 Ne7 7. Qg4 0-0 8. Nf3 Nbc6 9. Bd3 f5 10. exf6 Rxf6 11. Qh5 h6 12. 0-0 Bd7 13. Re1 c4 14. Bf1 Be8 15. Qh3 Bg6 16. Nh4 Bf7 17. Nf3 Bg6 18. Nh4 1/2-1/2

[Event "Uljanovsk Privolje op"]
[Site "Uljanovsk"]
[Date "2009.02.05"]
[Round "9"]
[White "Hamidullin, Aydar"]
[Black "Yakimkin, Igor"]
[Result "1-0"]
[WhiteElo "2241"]
[BlackElo "2154"]
[PlyCount "75"]
[EventDate "2009.01.31"]
[EventType "swiss"]
[EventRounds "9"]
[EventCountry "RUS"]
[SourceTitle "EXT 2022"]
[Source "ChessBase"]
[SourceDate "2021.10.06"]
[SourceVersion "1"]
[SourceVersionDate "2021.10.06"]
[SourceQuality "1"]

1. e4 c5 2. Nf3 Nc6 3. Bb5 g6 4. Bxc6 dxc6 5. d3 Bg7 6. Nc3 e5 7. Be3 Qe7 8. Qd2 Nf6 9. Bh6 Bxh6 10. Qxh6 Bd7 11. Qg5 0-0-0 12. Qxe5 Be6 13. Ng5 Nd7 14. Qf4 h6 15. Nxe6 fxe6 16. 0-0 e5 17. Qe3 g5 18. Rfb1 g4 19. b4 Kc7 20. b5 Qd6 21. bxc6 Qxc6 22. Nd5+ Kb8 23. a4 h5 24. Rb5 a6 25. Rb3 Ka8 26. a5 h4 27. Nb6+ Nxb6 28. Rxb6 Qc7 29. Rab1 Rb8 30. Qg5 g3 31. hxg3 hxg3 32. Qxg3 Qh7 33. Kf1 Rbg8 34. Qf3 Rg7 35. Qf6 Qh1+ 36. Ke2 Qxg2 37. Rxa6+ Kb8 38. Qxe5+ 1-0

[Event "Uljanovsk Privolje op"]
[Site "Uljanovsk"]
[Date "2009.02.04"]
[Round "8"]
[White "Yakimkin, Igor"]
[Black "Kochetkov, Iliya"]
[Result "1-0"]
[WhiteElo "2154"]
[BlackElo "2086"]
[PlyCount "95"]
[EventDate "2009.01.31"]
[EventType "swiss"]
[EventRounds "9"]
[EventCountry "RUS"]
[SourceTitle "EXT 2022"]
[Source "ChessBase"]
[SourceDate "2021.10.06"]
[SourceVersion "1"]
[SourceVersionDate "2021.10.06"]
[SourceQuality "1"]

1. e4 e5 2. Nf3 Nc6 3. d4 exd4 4. Nxd4 Bc5 5. Be3 Qf6 6. c3 Nge7 7. Bc4 0-0 8. 0-0 a6 9. f4 b5 10. Bb3 Na5 11. Nd2 Nxb3 12. N2xb3 Bb6 13. e5 Qh6 14. Qf3 Rb8 15. f5 Qh4 16. f6 Bb7 17. Qe2 Nd5 18. Bf2 Qg5 19. h4 Qg6 20. Nf5 Qxf5 21. Bxb6 Nf4 22. Qd2 Qxe5 23. Rxf4 cxb6 24. Re1 Qd5 25. Nd4 Rfe8 26. Rxe8+ Rxe8 27. Rg4 Qh5 28. Rxg7+ Kh8 29. Qg5 Qxg5 30. Rxg5 Rg8 31. Nf5 Rxg5 32. hxg5 Bd5 33. a3 Be6 34. Nh6 a5 35. Kf2 d6 36. Ke3 Bb3 37. Kd4 Be6 38. g3 a4 39. Ke3 Bb3 40. Nf5 d5 41. Nh6 Ba2 42. Kd4 Bb3 43. Ke5 Bc4 44. Kd6 Bb3 45. Ke7 Bc4 46. Nxf7+ Kg8 47. Nh6+ Kh8 48. f7 1-0